| 000 | 01031nam0a2200301 4500 | ||
|---|---|---|---|
| 001 | RU\NLR\bibl\11245 | ||
| 005 | 20260409064105.0 | ||
| 010 | _a5-89123-243-Х | ||
| 010 |
_a5-86225-764-0 _93000 |
||
| 021 |
_aRU _b98-16547 _9782 |
||
| 035 | _a(NLR Aleph) 000010966 | ||
| 090 |
_a37935 _c37935 |
||
| 100 | _a19981228d1998 |||y0rusy50 ca | ||
| 101 | 0 | _arus | |
| 102 | _aRU | ||
| 105 | _a||||||||||||| | ||
| 200 | 1 |
_aЛесной кодекс Российской Федерации _eОфиц. текст |
|
| 210 |
_aМ. _cИзд.группа НОРМА-ИНФРА-М _d1998 |
||
| 215 |
_a[1],79 с. _d20 |
||
| 606 | 0 |
_aЛесной кодекс _yРоссийская Федерация _92137244 _3RU\NLR\AUTH\661288599 |
|
| 686 | _aХ625.7-324.9(2Р) | ||
| 740 | 1 |
_aРоссийская Федерация _tЗаконы _iЛесной кодекс _3RU\NLR\AUTH\880379498 _9425388 |
|
| 801 | 0 |
_aRU _bNLR _c19981228 _gPSBO |
|
| 801 | 1 |
_aRU _bNLR _c19981228 |
|
| 852 |
_aNLR _j98-4/7322 |
||
| 942 | _cBOOK | ||
| 980 | _aNB | ||